Normal view
MARC view
- تاليف وإعداد الطورة، محمد محمود
Entry Personal Name
001 - CONTROL NUMBER
- control field: 56891
003 - CONTROL NUMBER IDENTIFIER
- control field: JO-AjAnu
005 - DATE AND TIME OF LATEST TRANSACTION
- control field: 20230606083323.0
008 - FIXED-LENGTH DATA ELEMENTS
- fixed length control field: 230606|| aca||aabn | a|a d
040 ## - CATALOGING SOURCE
- Original cataloging agency: JO-AjAnu
- Transcribing agency: JO-AjAnu
100 ## - HEADING--PERSONAL NAME
- Personal name: تاليف وإعداد الطورة، محمد محمود
670 ## - SOURCE DATA FOUND
- Source citation: Work cat.: (JO-AjAnu)29030: تاليف وإعداد الطورة، محمد محمود, author, من عبدالله الأول إلى عبدالله الثاني